A-Z Images Ending in 'A' Quiz Stats

 Plays Quiz Updated Sep 23, 2017

Challenge
Share
Tweet
Score 0/25 Timer 05:00
10 Plays Today
% Correct
banana
99.6%
camera
99.4%
umbrella
96.1%
yoga
95.8%
ninja
95.5%
vodka
94.3%
lasagna
93.9%
tiara
93.8%
sofa
92.9%
alpaca
92.2%
Jamaica
89.6%
fedora
87.9%
piñata
87.8%
% Correct
granola
87.1%
henna
80%
quinoa
78.1%
enchilada
71.9%
delta
70.5%
rotunda
53.4%
mesa
49.1%
impala
46.1%
wisteria
43.6%
kappa
39%
zinnia
38.3%
ocarina
33.3%

You're not logged in!

Compare scores with friends on all Sporcle quizzes.
OR
Log In

You Might Also Like...

Show Comments

Extras

Top Quizzes Today


Score Distribution

Your Account Isn't Verified!

In order to create a playlist on Sporcle, you need to verify the email address you used during registration. Go to your Sporcle Settings to finish the process.

Report this User

Report this user for behavior that violates our Community Guidelines.

Details: